Growth of mix-sex and sex-reversed fry in recirculation and hapa systems at aquafarm of royal university of agriculture (ការលូតលាស់របស់កូនត្រីទីឡាព្យាធម្មតានិងកូនត្រីទីឡាព្យាឯកភេទ(ឈ្មោល)បំប៉នក្នុងអាងប្រពន្ធ័ចម្រោះនិងហាប៉ាក្នុងស្រះនៅស្ថានីយ៏ពិសោធន៏សាកលវិទ្យាល័យភូមិន្ទកសិកម្ម) (Record no. 6348)
[ view plain ]
| 000 -LEADER | |
|---|---|
| fixed length control field | 00937nam a22001577a 4500 |
| 003 - CONTROL NUMBER IDENTIFIER | |
| control field | OSt |
| 005 - DATE AND TIME OF LATEST TRANSACTION | |
| control field | 20160122102101.0 |
| 008 - FIXED-LENGTH DATA ELEMENTS--GENERAL INFORMATION | |
| fixed length control field | 160122b xxu||||| |||| 00| 0 eng d |
| 040 ## - CATALOGING SOURCE | |
| Transcribing agency | RUA |
| 082 ## - DEWEY DECIMAL CLASSIFICATION NUMBER | |
| Classification number | GRS KEM 2012 B368 Or.1 |
| 100 ## - MAIN ENTRY--PERSONAL NAME | |
| 9 (RLIN) | 6778 |
| Personal name | KEM, LY. |
| 245 ## - TITLE STATEMENT | |
| Title | Growth of mix-sex and sex-reversed fry in recirculation and hapa systems at aquafarm of royal university of agriculture (ការលូតលាស់របស់កូនត្រីទីឡាព្យាធម្មតានិងកូនត្រីទីឡាព្យាឯកភេទ(ឈ្មោល)បំប៉នក្នុងអាងប្រពន្ធ័ចម្រោះនិងហាប៉ាក្នុងស្រះនៅស្ថានីយ៏ពិសោធន៏សាកលវិទ្យាល័យភូមិន្ទកសិកម្ម) |
| 260 ## - PUBLICATION, DISTRIBUTION, ETC. (IMPRINT) | |
| Place of publication, distribution, etc. | Phnom Penh |
| Name of publisher, distributor, etc. | RUA |
| Date of publication, distribution, etc. | 2012 |
| 300 ## - PHYSICAL DESCRIPTION | |
| Extent | vii, 25p. |
| Other physical details | ill. |
| Dimensions | 29cm. |
| 942 ## - ADDED ENTRY ELEMENTS (KOHA) | |
| Source of classification or shelving scheme | |
| Koha item type | GRS |
| Price effective from | Date last seen | Permanent Location | Not for loan | Date acquired | Source of classification or shelving scheme | Koha item type | Barcode | Lost status | Damaged status | Shelving location | Withdrawn status | Current Location | Full call number |
|---|---|---|---|---|---|---|---|---|---|---|---|---|---|
| 2016-01-22 | 2016-01-22 | Library Block B | 2016-01-22 | GRS | RUA44856 | B368 | Library Block B | GRS KEM 2012 B368 Or.1 | |||||
| 2016-01-22 | 2016-01-22 | Library Block B | 2016-01-22 | GRS | RUA43995 | B368 | Library Block B | GRS KEM 2012 B368 Or.2 | |||||
| 2016-01-22 | 2016-01-22 | Library Block B | 2016-01-22 | GRS | RUA41325 | B368 | Library Block B | GRS KEM 2012 B368 Or.3 | |||||
| 2016-01-22 | 2016-01-22 | Library Block B | 2016-01-22 | GRS | RUA41501 | B368 | Library Block B | GRS KEM 2012 B368 Or.4 | |||||
| 2016-01-22 | 2016-01-22 | Library Block B | 2016-01-22 | GRS | RUA41335 | B368 | Library Block B | GRS KEM 2012 B368 Or.5 | |||||
| 2016-01-22 | 2016-01-22 | Library Block B | 2016-01-22 | GRS | RUA40857 | B368 | Library Block B | GRS KEM 2012 B368 Or.6 | |||||
| 2016-01-22 | 2016-01-22 | Library Block B | 2016-01-22 | GRS | RUA41196 | B368 | Library Block B | GRS KEM 2012 B368 Or.7 |